<?xml version="1.0" encoding="UTF-8"?>
<record
    xmlns:xsi="http://www.w3.org/2001/XMLSchema-instance"
    xsi:schemaLocation="http://www.loc.gov/MARC21/slim http://www.loc.gov/standards/marcxml/schema/MARC21slim.xsd"
    xmlns="http://www.loc.gov/MARC21/slim">

  <leader>01958nam a22001697a 4500</leader>
  <controlfield tag="008">120817t        xxu||||| |||| 00| 0 eng d</controlfield>
  <datafield tag="020" ind1=" " ind2=" ">
    <subfield code="a">075065189x</subfield>
  </datafield>
  <datafield tag="050" ind1=" " ind2=" ">
    <subfield code="a">QA76.76.B3 M831</subfield>
  </datafield>
  <datafield tag="100" ind1=" " ind2=" ">
    <subfield code="a">Morris, Stephen</subfield>
  </datafield>
  <datafield tag="245" ind1=" " ind2=" ">
    <subfield code="a">Visual basic 6 made simple. /</subfield>
    <subfield code="c">Morris Stephen</subfield>
  </datafield>
  <datafield tag="260" ind1=" " ind2=" ">
    <subfield code="a">Boston:</subfield>
    <subfield code="b">Made Simple Books,</subfield>
    <subfield code="c">c2001.</subfield>
  </datafield>
  <datafield tag="300" ind1=" " ind2=" ">
    <subfield code="a">vii, 200 p.:</subfield>
    <subfield code="b">ill.;</subfield>
    <subfield code="c">24cm.</subfield>
  </datafield>
  <datafield tag="500" ind1=" " ind2=" ">
    <subfield code="a">Includes index.</subfield>
  </datafield>
  <datafield tag="505" ind1=" " ind2=" ">
    <subfield code="a">Contents: Overview: Starting visual basic -- Running visual basic -- Visual basic windows -- Getting help -- Leaving visual basic -- Exercises -- Forms: The First form -- Form properties -- Saving the form -- Adding new forms -- Saving and running -- Exercises -- Control: adding controls -- Control properties -- Common properties -- Standard controls -- Exercises -- Coding events: The Event-led environment -- Creating a procedure -- Using and changing properties -- Methods -- Lists -- Dealing with errors -- Executable files -- Exercises -- Coding events: The Event-led environment -- Creating a procedure -- Using and changing properties -- Methods -- Lists -- Dealing with errors -- Executable files -- Exercises -- Variables: Using variables -- Constants -- Expressions -- String variables and properties -- Functions -- String conversions -- Dates and times -- Arrars -- Exercises -- Basic instructions: Modules -- Creating modules and procedures -- Public and passed variables -- User-defined functions -- Conditional statements -- Case statements -- Loops -- Exercises -- Error handling: Debugging -- Trapping errors -- Exercises -- Menus: The Menu editor -- Menu properties -- Menu events  -- Exercises -- Files: File selection -- File operations -- Sequential files -- Random access files -- Exercises -- Graphics: Pictures -- Lines and shapes -- Printing -- Exercises -- External databases: Accessing databases -- Internet access -- Exercises -- Solutions to exercises. </subfield>
  </datafield>
  <datafield tag="650" ind1=" " ind2=" ">
    <subfield code="b">Visual basic(computer science)</subfield>
  </datafield>
  <datafield tag="942" ind1=" " ind2=" ">
    <subfield code="2">lcc</subfield>
    <subfield code="c">BK</subfield>
  </datafield>
  <datafield tag="999" ind1=" " ind2=" ">
    <subfield code="c">2038</subfield>
    <subfield code="d">9538</subfield>
  </datafield>
  <datafield tag="952" ind1=" " ind2=" ">
    <subfield code="0">0</subfield>
    <subfield code="1">0</subfield>
    <subfield code="2">lcc</subfield>
    <subfield code="4">0</subfield>
    <subfield code="7">0</subfield>
    <subfield code="a">WIUC-1</subfield>
    <subfield code="b">WIUC-1</subfield>
    <subfield code="c">GEN</subfield>
    <subfield code="d">2012-08-17</subfield>
    <subfield code="l">0</subfield>
    <subfield code="o">QA76.76.B3 M831</subfield>
    <subfield code="p">5329/12</subfield>
    <subfield code="r">2012-08-17 00:00:00</subfield>
    <subfield code="t">1</subfield>
    <subfield code="w">2012-08-17</subfield>
    <subfield code="y">BK</subfield>
  </datafield>
  <datafield tag="952" ind1=" " ind2=" ">
    <subfield code="0">0</subfield>
    <subfield code="1">0</subfield>
    <subfield code="2">lcc</subfield>
    <subfield code="4">0</subfield>
    <subfield code="7">0</subfield>
    <subfield code="a">WIUC-1</subfield>
    <subfield code="b">WIUC-1</subfield>
    <subfield code="c">GEN</subfield>
    <subfield code="d">2012-08-17</subfield>
    <subfield code="l">0</subfield>
    <subfield code="o">QA76.76.B3 M832</subfield>
    <subfield code="p">5330/12</subfield>
    <subfield code="r">2012-08-17 00:00:00</subfield>
    <subfield code="t">2</subfield>
    <subfield code="w">2012-08-17</subfield>
    <subfield code="y">BK</subfield>
  </datafield>
</record>
